| 000 | 00641nam a2200241Ia 4500 | ||
|---|---|---|---|
| 003 | OSt | ||
| 005 | 20230413092928.0 | ||
| 008 | 210423s2009 xx 000 0 und d | ||
| 020 | _a9780761929574 | ||
| 040 | _cAL | ||
| 041 | _aeng | ||
| 082 | _a070.403 STEC | ||
| 100 |
_aSTERLING (Christopher H),Ed _987474 |
||
| 245 | _aEncyclopedia of journalism. V3 J-P | ||
| 260 |
_aLos Angeles _bSage Publications _c2009 |
||
| 300 |
_axi,1171,I-172 _bHB |
||
| 365 |
_b6266 _cINR |
||
| 440 | _v3 | ||
| 650 |
_aJournalism _987475 |
||
| 650 |
_aJournalism & Media _987476 |
||
| 906 | _aEncyclopedia ; journalism. ; J-P. ; V3 | ||
| 942 |
_2ddc _cBK |
||
| 999 |
_c159672 _d159672 |
||